000 01132nam a2200313 i 4500
003 EG-GICUC
005 20260121101345.0
008 251125b1995 ua ||||fr|||| 00| 0 ara d
040 _a EG-GICUC
_bara
_c EG-GICUC
_d EG-GICUC
_erda
041 0 _aara
082 0 4 _221
_a345.4
_bأ ن . و
092 0 4 _221
099 _aLaw1 07 345.4 أ ن . و 1995
100 0 _aأنور أحمد رسلان
_eمؤلف.
245 1 2 _aالوظيفة العامة /
_cأنور أحمد رسلان.
264 1 _aالقاهرة :
_bدار النهضة العربية،
_c1995.
300 _a240 ؛ صفحة
_c24 سم.
_bإيضاحيات، صور، مثيليات ؛
336 _2rda content
_atext
337 _2rda media
_aComputer
338 _2rda carrier
_aOnline Resource
504 _aيشتمل على إرجاعات ببليوجرافية.
546 _aالنص باللغة العربية
650 1 4 _aالقانون الإداري
_2qrmak
650 1 4 _aالوظيفة العامة
_2qrmak
651 1 _2qrmak
856 4 0 _uhttps://fll.law.cu.edu.eg/fulltext/bks/B07-01273.pdf
905 _a32
_eYara
942 _2ddc
_cBK
_e21
_n0
999 _c46094
_d46094